Disruptívne technológie na finančnom trhu

Na základe komparácie poznatkov z dostupných informačných zdrojov, výsledkov globálnych výskumných štúdií, identifikácia disruptívnych technológií a inovácií, ktoré majú najvyššiu mieru aplikovateľnosti vo finančnom sektore. Na základe analýzy súčasného stavu skúmanej problematiky uvedené prognózy z...

ver descrição completa

Na minha lista:
Detalhes bibliográficos
Autor principal: Krištínová, Natália, 1979-
Formato: Capítulo de Livro
Idioma:eslovaco
Assuntos:
Tags: Adicionar Tag
Sem tags, seja o primeiro a adicionar uma tag!

MARC

LEADER 00000nla a2200000 4500
001 0241282
005 20240502073928.2
041 0 |a slo 
044 |a SK 
245 1 0 |a Disruptívne technológie na finančnom trhu  |c Natália Krištínová 
520 |a Na základe komparácie poznatkov z dostupných informačných zdrojov, výsledkov globálnych výskumných štúdií, identifikácia disruptívnych technológií a inovácií, ktoré majú najvyššiu mieru aplikovateľnosti vo finančnom sektore. Na základe analýzy súčasného stavu skúmanej problematiky uvedené prognózy zmien, ktoré ovplyvnia vývoj a smerovanie finančného sektora. 
610 2 0 |a trh finančný 
610 2 0 |a technológie nové 
610 2 0 |a inovácie technologické 
610 2 0 |a analýza komparatívna 
610 2 0 |a vývoj vedeckotechnický 
610 2 0 |a prognózy 
100 1 |a Krištínová, Natália, 1979-